[Event "DEM U18 2023"]
[Site "Willingen GER"]
[Date "2023.05.30"]
[Round "4"]
[White "Farokhi, Keyvan"]
[Black "Laux, Dominik"]
[Result "1/2-1/2"]
[Termination "normal"]
[Board "3"]
[WhiteTitle "FM"]
[BlackTitle "FM"]
[WhiteElo "2266"]
[BlackElo "2297"]
[WhiteClock "00:38:03"]
[BlackClock "00:19:28"]
[PlyCount "98"]
[WhiteFideId "12998630"]
[BlackFideId "12994219"]
[EventCountry "GER"]
[EventRounds "9"]
[EventType "swiss"]
[EventDate "2023.05.27"]

1. e4 {[%clk 01:30:49]} {[%emt 00:00:09]} c5 {[%clk 01:30:31]} {[%emt
00:00:31]} 2. Nf3 {[%clk 01:31:02]} {[%emt 00:00:16]} d6 {[%clk 01:30:41]}
{[%emt 00:00:23]} 3. Bb5+ {[%clk 01:31:06]} {[%emt 00:00:23]} Nd7 {[%clk
01:30:21]} {[%emt 00:01:00]} 4. d4 {[%clk 01:31:22]} {[%emt 00:00:07]} cxd4
{[%clk 01:30:45]} {[%emt 00:00:04]} 5. Nxd4 {[%clk 01:31:40]} {[%emt 00:00:12]}
Ngf6 {[%clk 01:30:15]} {[%emt 00:01:01]} 6. O-O {[%clk 01:31:38]} {[%emt
00:00:31]} e5 {[%clk 01:29:34]} {[%emt 00:01:41]} 7. Nf5 {[%clk 01:31:53]}
{[%emt 00:00:23]} a6 {[%clk 01:29:58]} 8. Bd3 {[%clk 01:32:16]} Nc5 {[%clk
01:30:24]} 9. Nc3 {[%clk 01:32:34]} {[%emt 00:00:10]} d5 {[%clk 01:30:44]} 10.
Bg5 {[%clk 01:32:50]} {[%emt 00:00:14]} dxe4 {[%clk 01:29:20]} {[%emt
00:01:47]} 11. Bxe4 {[%clk 01:33:07]} {[%emt 00:00:10]} Ncxe4 {[%clk 01:26:24]}
{[%emt 00:03:27]} 12. Nxg7+ {[%clk 01:33:18]} {[%emt 00:00:19]} Bxg7 {[%clk
01:26:53]} {[%emt 00:00:01]} 13. Qxd8+ Kxd8 {[%clk 01:27:22]} 14. Nxe4 {[%clk
01:33:58]} {[%emt 00:00:11]} Ke7 {[%clk 01:27:49]} {[%emt 00:00:03]} 15. f4
{[%clk 01:34:17]} {[%emt 00:00:07]} Ke6 {[%clk 01:28:16]} {[%emt 00:00:04]} 16.
f5+ {[%clk 01:34:40]} {[%emt 00:00:07]} Ke7 {[%clk 01:28:42]} {[%emt 00:00:04]}
17. Rad1 {[%clk 01:35:03]} {[%emt 00:00:06]} a5 {[%clk 01:22:48]} {[%emt
00:06:25]} 18. Rd5 {[%emt 00:00:40]} Ra6 {[%clk 01:23:04]} 19. Re1 {[%clk
01:35:19]} {[%emt 00:00:16]} Kf8 {[%clk 01:07:08]} {[%emt 00:16:31]} 20. Rxe5
{[%clk 01:33:56]} {[%emt 00:01:49]} Nxe4 {[%clk 00:35:33]} {[%emt 00:32:06]}
21. R5xe4 {[%clk 01:28:02]} {[%emt 00:06:23]} Bxb2 {[%clk 00:30:27]} {[%emt
00:05:36]} 22. Re8+ {[%clk 01:18:54]} {[%emt 00:09:37]} Kg7 {[%clk 00:30:33]}
{[%emt 00:00:25]} 23. Rxh8 {[%clk 01:19:07]} {[%emt 00:00:15]} Kxh8 {[%clk
00:28:11]} {[%emt 00:02:55]} 24. Re8+ {[%clk 01:19:21]} {[%emt 00:00:16]} Kg7
{[%clk 00:28:37]} {[%emt 00:00:01]} 25. Rxc8 {[%clk 01:19:43]} {[%emt
00:00:07]} Rb6 {[%clk 00:25:56]} {[%emt 00:03:12]} 26. Be3 {[%clk 01:08:36]}
{[%emt 00:11:36]} Rb5 {[%clk 00:20:11]} {[%emt 00:06:15]} 27. g4 {[%clk
01:06:41]} {[%emt 00:02:24]} h5 {[%clk 00:13:17]} {[%emt 00:07:26]} 28. h3
{[%clk 01:02:11]} {[%emt 00:04:59]} hxg4 {[%clk 00:12:32]} {[%emt 00:01:17]}
29. hxg4 {[%clk 01:02:38]} {[%emt 00:00:02]} Rb4 {[%clk 00:12:26]} {[%emt
00:00:36]} 30. g5 {[%clk 00:59:52]} {[%emt 00:03:16]} Bd4 {[%clk 00:12:02]}
{[%emt 00:00:54]} 31. Kf2 {[%clk 00:54:36]} {[%emt 00:05:44]} Bxe3+ {[%clk
00:11:25]} {[%emt 00:01:08]} 32. Kxe3 {[%clk 00:55:04]} {[%emt 00:00:02]} Rg4
{[%clk 00:10:05]} {[%emt 00:01:51]} 33. Rc5 {[%clk 00:36:22]} {[%emt 00:19:21]}
b6 {[%clk 00:07:29]} {[%emt 00:02:57]} 34. Rc6 {[%clk 00:35:38]} {[%emt
00:01:13]} Rxg5 {[%clk 00:06:33]} {[%emt 00:01:29]} 35. f6+ {[%clk 00:35:24]}
{[%emt 00:00:46]} Kg6 {[%clk 00:06:59]} 36. Rxb6 {[%clk 00:35:42]} {[%emt
00:00:13]} Rg3+ {[%clk 00:06:14]} {[%emt 00:01:17]} 37. Kd4 {[%clk 00:35:39]}
{[%emt 00:00:36]} Ra3 {[%clk 00:05:42]} {[%emt 00:00:55]} 38. Rb2 {[%clk
00:26:50]} {[%emt 00:09:19]} Kxf6 {[%clk 00:05:38]} {[%emt 00:00:34]} 39. c4
{[%clk 00:27:11]} {[%emt 00:00:08]} Ke6 {[%clk 00:04:40]} {[%emt 00:01:28]} 40.
Kc5 {[%clk 00:27:28]} {[%emt 00:00:13]} Rc3 {[%clk 00:01:55]} {[%emt 00:03:16]}
41. Kb5 {[%clk 00:17:11]} {[%emt 00:10:49]} f5 {[%clk 00:27:09]} {[%emt
00:05:15]} 42. c5 {[%clk 00:45:36]} {[%emt 00:02:04]} f4 {[%clk 00:24:54]}
{[%emt 00:02:46]} 43. Kb6 {[%clk 00:42:00]} {[%emt 00:04:05]} Kd5 {[%clk
00:22:57]} {[%emt 00:02:28]} 44. Rd2+ {[%clk 00:41:39]} {[%emt 00:00:50]} Ke4
{[%clk 00:22:58]} {[%emt 00:00:29]} 45. c6 {[%clk 00:41:47]} {[%emt 00:00:22]}
f3 {[%clk 00:20:47]} {[%emt 00:02:42]} 46. c7 {[%clk 00:39:22]} {[%emt
00:02:55]} Ke3 {[%clk 00:20:47]} {[%emt 00:00:30]} 47. Rb2 {[%clk 00:38:56]}
{[%emt 00:00:56]} a4 {[%clk 00:18:40]} {[%emt 00:02:38]} 48. Kb7 {[%clk
00:37:37]} {[%emt 00:01:48]} f2 {[%clk 00:19:02]} {[%emt 00:00:09]} 49. Rb1
{[%clk 00:38:03]} {[%emt 00:00:05]} Ke2 {[%clk 00:19:28]} {[%emt 00:00:03]}
1/2-1/2

[Event "DEM U18 2023"]
[Site "Willingen GER"]
[Date "2023.05.30"]
[Round "4"]
[White "Hommer, Jeremy"]
[Black "Bornholdt, Joa Max"]
[Result "1-0"]
[Termination "normal"]
[Board "4"]
[BlackTitle "FM"]
[WhiteElo "2313"]
[BlackElo "2250"]
[WhiteClock "00:17:30"]
[BlackClock "00:01:03"]
[PlyCount "63"]
[WhiteFideId "12992577"]
[BlackFideId "16253477"]
[EventCountry "GER"]
[EventRounds "9"]
[EventType "swiss"]
[EventDate "2023.05.27"]

1. e4 {[%clk 01:30:56]} {[%emt 00:00:05]} c5 {[%clk 01:30:21]} {[%emt
00:00:37]} 2. Nf3 {[%clk 01:31:13]} {[%emt 00:00:11]} e6 {[%clk 01:30:41]}
{[%emt 00:00:11]} 3. b3 {[%clk 01:30:10]} {[%emt 00:01:34]} a6 {[%clk
01:31:05]} {[%emt 00:00:10]} 4. Bb2 {[%clk 01:29:14]} {[%emt 00:01:28]} Nc6
{[%clk 01:31:25]} {[%emt 00:00:06]} 5. g3 {[%clk 01:26:49]} {[%emt 00:02:52]}
Qc7 {[%clk 01:31:36]} {[%emt 00:00:24]} 6. Bg2 {[%clk 01:26:39]} {[%emt
00:00:39]} Nf6 {[%clk 01:31:55]} {[%emt 00:00:08]} 7. Qe2 {[%clk 01:23:03]}
{[%emt 00:04:08]} Be7 {[%clk 01:29:12]} {[%emt 00:03:11]} 8. O-O {[%clk
01:21:01]} {[%emt 00:02:32]} O-O {[%clk 01:28:31]} {[%emt 00:01:10]} 9. e5
{[%clk 01:12:16]} {[%emt 00:09:17]} Ng4 {[%clk 01:16:31]} {[%emt 00:12:30]} 10.
h3 {[%clk 01:07:51]} {[%emt 00:04:57]} Nh6 {[%clk 01:16:16]} {[%emt 00:00:42]}
11. c4 {[%clk 01:04:40]} {[%emt 00:03:43]} d6 {[%clk 01:11:04]} {[%emt
00:05:39]} 12. Rd1 {[%clk 00:57:51]} {[%emt 00:07:20]} Rd8 {[%clk 01:01:14]}
{[%emt 00:10:22]} 13. Na3 {[%clk 00:53:19]} {[%emt 00:05:03]} dxe5 {[%clk
00:51:50]} {[%emt 00:09:51]} 14. Nxe5 {[%clk 00:53:44]} {[%emt 00:00:07]} Nd4
{[%clk 00:45:01]} {[%emt 00:07:17]} 15. Bxd4 {[%clk 00:53:18]} {[%emt
00:00:57]} cxd4 {[%clk 00:44:36]} {[%emt 00:00:56]} 16. Nc2 {[%clk 00:50:55]}
{[%emt 00:02:50]} Bf6 {[%clk 00:41:17]} {[%emt 00:03:49]} 17. Nd3 {[%clk
00:51:11]} {[%emt 00:00:13]} a5 {[%clk 00:41:28]} {[%emt 00:00:21]} 18. Na3
{[%clk 00:46:23]} {[%emt 00:05:18]} e5 {[%clk 00:41:20]} {[%emt 00:00:38]} 19.
Nb5 {[%clk 00:46:36]} {[%emt 00:00:17]} Qe7 {[%clk 00:39:29]} {[%emt 00:02:21]}
20. Re1 {[%clk 00:46:53]} {[%emt 00:00:13]} Ra6 {[%clk 00:33:16]} {[%emt
00:06:43]} 21. Rac1 {[%clk 00:37:16]} {[%emt 00:10:07]} Nf5 {[%clk 00:23:41]}
{[%emt 00:10:05]} 22. Bd5 {[%clk 00:32:35]} {[%emt 00:05:10]} Be6 {[%clk
00:21:33]} {[%emt 00:02:39]} 23. Nxe5 {[%clk 00:24:40]} {[%emt 00:08:26]} Ne3
{[%clk 00:07:37]} {[%emt 00:14:30]} 24. dxe3 {[%clk 00:21:29]} {[%emt
00:03:36]} Bxe5 {[%clk 00:08:05]} {[%emt 00:00:02]} 25. exd4 {[%clk 00:21:22]}
{[%emt 00:00:37]} Bb8 {[%clk 00:08:18]} {[%emt 00:00:18]} 26. Bg2 {[%clk
00:20:24]} {[%emt 00:01:27]} Qf6 {[%clk 00:02:51]} {[%emt 00:05:57]} 27. Bxb7
{[%clk 00:20:08]} {[%emt 00:00:46]} Rb6 {[%clk 00:02:59]} {[%emt 00:00:22]} 28.
Bg2 {[%clk 00:20:01]} {[%emt 00:00:37]} h6 {[%clk 00:02:38]} {[%emt 00:00:50]}
29. c5 {[%clk 00:19:42]} {[%emt 00:00:49]} Rxb5 {[%clk 00:01:52]} {[%emt
00:01:18]} 30. Qxb5 {[%clk 00:19:56]} {[%emt 00:00:15]} Qxd4 {[%clk 00:02:09]}
{[%emt 00:00:13]} 31. Qe2 {[%clk 00:17:41]} {[%emt 00:02:45]} Bxg3 {[%clk
00:01:03]} {[%emt 00:01:36]} 32. Red1 {[%clk 00:17:30]} {[%emt 00:00:40]} 1-0

[Event "DEM U18 2023"]
[Site "Willingen GER"]
[Date "2023.05.30"]
[Round "4"]
[White "Albert, Markus"]
[Black "Spriestersbach, Kai"]
[Result "1-0"]
[Termination "normal"]
[Board "5"]
[WhiteElo "2232"]
[BlackElo "2230"]
[WhiteClock "00:09:03"]
[BlackClock "00:01:49"]
[PlyCount "143"]
[WhiteFideId "16292626"]
[BlackFideId "16269985"]
[EventCountry "GER"]
[EventRounds "9"]
[EventType "swiss"]
[EventDate "2023.05.27"]

1. e4 {[%clk 01:30:56]} {[%emt 00:00:03]} c6 {[%clk 01:30:55]} {[%emt
00:00:06]} 2. Nf3 {[%clk 01:30:56]} {[%emt 00:00:32]} d5 {[%clk 01:31:18]}
{[%emt 00:00:09]} 3. Nc3 {[%clk 01:31:05]} {[%emt 00:00:16]} dxe4 {[%clk
01:31:39]} {[%emt 00:00:14]} 4. Nxe4 {[%clk 01:31:28]} {[%emt 00:00:05]} Nf6
{[%clk 01:32:04]} {[%emt 00:00:02]} 5. Qe2 {[%clk 01:31:52]} {[%emt 00:00:07]}
Nxe4 6. Qxe4 {[%clk 01:32:16]} Nd7 {[%clk 01:32:24]} {[%emt 00:00:19]} 7. Bc4
{[%clk 01:32:23]} {[%emt 00:00:22]} Nf6 {[%clk 01:32:46]} {[%emt 00:00:08]} 8.
Ne5 {[%clk 01:32:33]} {[%emt 00:00:21]} e6 {[%clk 01:33:10]} {[%emt 00:00:05]}
9. Qe2 {[%clk 01:32:59]} {[%emt 00:00:11]} b5 {[%clk 01:26:05]} {[%emt
00:07:27]} 10. Bd3 {[%clk 01:31:14]} {[%emt 00:02:15]} Qc7 {[%clk 01:25:55]}
{[%emt 00:00:40]} 11. a4 {[%clk 01:31:34]} {[%emt 00:00:10]} Bd6 {[%clk
01:24:31]} {[%emt 00:01:53]} 12. Nxc6 {[%clk 01:31:40]} {[%emt 00:00:25]} b4
{[%clk 01:24:50]} {[%emt 00:00:12]} 13. Nd4 {[%clk 01:31:58]} {[%emt 00:00:12]}
a6 {[%clk 01:25:09]} {[%emt 00:00:10]} 14. Nf5 {[%clk 01:32:04]} {[%emt
00:00:23]} Bb7 {[%clk 01:25:32]} {[%emt 00:00:08]} 15. Nxd6+ {[%clk 01:32:02]}
{[%emt 00:00:31]} Qxd6 {[%clk 01:25:56]} {[%emt 00:00:05]} 16. O-O {[%clk
01:32:01]} {[%emt 00:00:31]} h5 {[%clk 01:26:01]} {[%emt 00:00:24]} 17. Qe3
{[%clk 01:31:53]} {[%emt 00:00:38]} Rd8 {[%clk 01:24:52]} {[%emt 00:01:39]} 18.
f3 {[%clk 01:26:34]} {[%emt 00:05:49]} b3 {[%clk 01:19:53]} {[%emt 00:05:35]}
19. Ra3 {[%clk 01:22:46]} {[%emt 00:04:13]} bxc2 {[%clk 01:04:52]} {[%emt
00:15:31]} 20. Bxc2 {[%clk 01:21:37]} {[%emt 00:01:40]} h4 {[%clk 01:01:22]}
{[%emt 00:04:00]} 21. Qf2 {[%clk 00:55:19]} {[%emt 00:26:47]} h3 {[%clk
00:50:18]} {[%emt 00:11:34]} 22. g3 {[%clk 00:51:14]} {[%emt 00:04:35]} Rd7
{[%clk 00:44:11]} {[%emt 00:06:38]} 23. Rd3 {[%clk 00:23:15]} {[%emt 00:28:29]}
Bd5 {[%clk 00:30:19]} {[%emt 00:14:24]} 24. b3 {[%clk 00:18:41]} {[%emt
00:05:01]} Rh5 {[%clk 00:24:10]} {[%emt 00:06:39]} 25. Bb2 {[%clk 00:15:33]}
{[%emt 00:03:38]} Rf5 {[%clk 00:10:40]} {[%emt 00:14:01]} 26. Rd4 {[%clk
00:13:27]} {[%emt 00:02:36]} Rg5 {[%clk 00:09:14]} {[%emt 00:01:56]} 27. Rh4
{[%clk 00:12:40]} {[%emt 00:01:17]} Rc7 {[%clk 00:06:00]} {[%emt 00:03:45]} 28.
Bc3 {[%clk 00:11:46]} {[%emt 00:01:24]} Rh5 {[%clk 00:04:39]} {[%emt 00:01:50]}
29. Rb4 {[%clk 00:05:40]} {[%emt 00:06:36]} Rg5 {[%clk 00:03:08]} {[%emt
00:02:01]} 30. Rb8+ {[%clk 00:04:15]} {[%emt 00:01:55]} Kd7 {[%clk 00:03:32]}
{[%emt 00:00:06]} 31. Rb6 {[%clk 00:03:58]} {[%emt 00:00:47]} Rc6 {[%clk
00:03:30]} {[%emt 00:00:33]} 32. Rxc6 {[%clk 00:03:59]} {[%emt 00:00:29]} Bxc6
{[%clk 00:02:49]} {[%emt 00:01:11]} 33. Qd4 {[%clk 00:02:36]} {[%emt 00:01:53]}
Nd5 {[%clk 00:02:38]} {[%emt 00:00:41]} 34. f4 {[%clk 00:02:15]} {[%emt
00:00:52]} Rg4 {[%clk 00:02:16]} {[%emt 00:00:50]} 35. Bd1 {[%clk 00:01:21]}
{[%emt 00:01:25]} Rg6 {[%clk 00:02:36]} {[%emt 00:00:10]} 36. Bh5 {[%clk
00:01:02]} {[%emt 00:00:48]} Rh6 {[%clk 00:00:58]} {[%emt 00:02:09]} 37. Bf3
{[%clk 00:00:46]} {[%emt 00:00:46]} Nxc3 {[%clk 00:00:36]} {[%emt 00:00:52]}
38. Qxd6+ {[%clk 00:00:46]} {[%emt 00:00:30]} Kxd6 {[%clk 00:01:00]} {[%emt
00:00:05]} 39. dxc3 {[%clk 00:01:11]} {[%emt 00:00:05]} Bxf3 {[%clk 00:01:03]}
{[%emt 00:00:27]} 40. Rxf3 {[%clk 00:01:39]} {[%emt 00:00:02]} f5 {[%clk
00:00:54]} {[%emt 00:00:39]} 41. Rd3+ {[%clk 00:01:33]} {[%emt 00:00:36]} Ke7
{[%clk 00:29:08]} {[%emt 00:02:17]} 42. Kf2 {[%clk 00:26:34]} {[%emt 00:05:29]}
Kf6 {[%clk 00:27:45]} {[%emt 00:01:52]} 43. Rd6 {[%clk 00:25:51]} {[%emt
00:01:13]} Rh8 {[%clk 00:27:11]} {[%emt 00:01:04]} 44. Ke3 {[%clk 00:25:02]}
{[%emt 00:01:18]} a5 {[%clk 00:26:48]} {[%emt 00:00:54]} 45. Rb6 {[%clk
00:24:15]} {[%emt 00:01:17]} Rd8 {[%clk 00:25:49]} {[%emt 00:01:28]} 46. Ke2
{[%clk 00:24:16]} {[%emt 00:00:28]} g5 {[%clk 00:25:23]} {[%emt 00:00:56]} 47.
fxg5+ {[%clk 00:18:09]} {[%emt 00:06:38]} Kxg5 {[%clk 00:25:19]} {[%emt
00:00:34]} 48. b4 {[%clk 00:17:11]} {[%emt 00:01:29]} Rc8 {[%clk 00:10:31]}
{[%emt 00:15:18]} 49. Kd2 {[%clk 00:15:55]} {[%emt 00:01:45]} Rd8+ {[%clk
00:09:02]} {[%emt 00:02:02]} 50. Kc2 {[%clk 00:15:59]} {[%emt 00:00:24]} axb4
{[%clk 00:06:31]} {[%emt 00:03:01]} 51. cxb4 {[%clk 00:14:15]} {[%emt
00:02:14]} e5 {[%clk 00:06:05]} {[%emt 00:00:57]} 52. a5 {[%clk 00:12:15]}
{[%emt 00:02:34]} e4 {[%clk 00:05:52]} {[%emt 00:00:39]} 53. Rc6 {[%clk
00:11:38]} {[%emt 00:01:07]} e3 {[%clk 00:05:18]} {[%emt 00:01:07]} 54. a6
{[%clk 00:10:15]} {[%emt 00:01:52]} Rd2+ {[%clk 00:04:04]} {[%emt 00:01:51]}
55. Kb3 {[%clk 00:10:29]} {[%emt 00:00:07]} Rd7 {[%clk 00:00:39]} {[%emt
00:03:58]} 56. Re6 {[%clk 00:10:23]} {[%emt 00:00:43]} f4 {[%clk 00:00:57]}
{[%emt 00:00:04]} 57. Re5+ {[%clk 00:09:10]} {[%emt 00:01:41]} Kg4 {[%clk
00:01:18]} {[%emt 00:00:13]} 58. Re4 {[%clk 00:09:30]} {[%emt 00:00:08]} Kf3
{[%clk 00:00:31]} {[%emt 00:01:15]} 59. Rxf4 {[%clk 00:09:52]} {[%emt
00:00:09]} Kg2 {[%clk 00:00:47]} {[%emt 00:00:13]} 60. Re4 {[%clk 00:10:18]}
{[%emt 00:00:13]} Rd3+ {[%clk 00:00:31]} {[%emt 00:00:46]} 61. Ka4 {[%clk
00:10:19]} {[%emt 00:00:24]} Kxh2 {[%clk 00:00:34]} {[%emt 00:00:24]} 62. a7
{[%clk 00:10:18]} {[%emt 00:00:39]} Rd8 {[%clk 00:00:46]} {[%emt 00:00:28]} 63.
b5 {[%clk 00:09:31]} {[%emt 00:01:05]} Kg2 {[%clk 00:00:50]} {[%emt 00:00:20]}
64. Rxe3 {[%clk 00:09:44]} {[%emt 00:00:19]} Kf2 {[%clk 00:00:51]} {[%emt
00:00:29]} 65. Rb3 {[%clk 00:08:48]} {[%emt 00:01:23]} h2 {[%clk 00:00:38]}
{[%emt 00:00:42]} 66. Rb1 {[%clk 00:08:55]} {[%emt 00:00:30]} Rd2 {[%clk
00:00:41]} {[%emt 00:00:30]} 67. Ra1 {[%clk 00:08:54]} {[%emt 00:00:21]} h1=Q
{[%clk 00:00:32]} {[%emt 00:00:42]} 68. Rxh1 {[%clk 00:09:06]} {[%emt
00:00:14]} Ra2+ {[%clk 00:00:58]} {[%emt 00:00:04]} 69. Kb4 {[%clk 00:09:28]}
{[%emt 00:00:13]} Rxa7 {[%clk 00:01:24]} 70. b6 {[%clk 00:09:10]} {[%emt
00:00:47]} Rg7 {[%clk 00:01:39]} {[%emt 00:00:17]} 71. Ka5 {[%clk 00:08:45]}
{[%emt 00:00:54]} Rxg3 {[%clk 00:01:49]} {[%emt 00:00:22]} 72. Rb1 {[%clk
00:09:03]} {[%emt 00:00:15]} 1-0

[Event "DEM U18 2023"]
[Site "Willingen GER"]
[Date "2023.05.30"]
[Round "4"]
[White "Lutz, Ruben"]
[Black "Gallasch, Jonas"]
[Result "1/2-1/2"]
[Termination "normal"]
[Board "6"]
[BlackTitle "FM"]
[WhiteElo "2211"]
[BlackElo "2296"]
[WhiteClock "00:00:33"]
[BlackClock "00:01:05"]
[PlyCount "77"]
[WhiteFideId "12975974"]
[BlackFideId "16222474"]
[EventCountry "GER"]
[EventRounds "9"]
[EventType "swiss"]
[EventDate "2023.05.27"]

1. d4 {[%clk 01:30:57]} {[%emt 00:00:03]} Nf6 {[%clk 01:30:55]} {[%emt
00:00:04]} 2. Nf3 {[%clk 01:31:21]} {[%emt 00:00:07]} g6 {[%clk 01:31:21]}
{[%emt 00:00:04]} 3. c4 {[%clk 01:31:43]} {[%emt 00:00:08]} Bg7 {[%clk
01:31:42]} {[%emt 00:00:09]} 4. g3 {[%clk 01:32:07]} {[%emt 00:00:06]} O-O
{[%clk 01:32:05]} {[%emt 00:00:07]} 5. Bg2 {[%clk 01:32:32]} {[%emt 00:00:04]}
d5 {[%clk 01:32:31]} {[%emt 00:00:05]} 6. cxd5 {[%clk 01:32:55]} {[%emt
00:00:07]} Nxd5 {[%clk 01:32:55]} {[%emt 00:00:05]} 7. O-O {[%clk 01:33:19]}
{[%emt 00:00:06]} Nc6 {[%clk 01:33:22]} {[%emt 00:00:04]} 8. e4 {[%clk
01:31:21]} {[%emt 00:02:35]} Nb6 {[%clk 01:33:47]} 9. d5 {[%clk 01:31:41]}
{[%emt 00:00:25]} Na5 {[%clk 01:34:10]} 10. Nc3 {[%clk 01:32:04]} c6 {[%clk
01:31:56]} {[%emt 00:02:42]} 11. Bf4 {[%clk 01:32:10]} {[%emt 00:00:28]} Bg4
{[%clk 01:11:22]} {[%emt 00:21:01]} 12. h3 {[%clk 01:27:15]} {[%emt 00:05:23]}
Bxf3 {[%clk 01:10:58]} {[%emt 00:00:55]} 13. Qxf3 {[%clk 01:27:40]} {[%emt
00:00:05]} cxd5 {[%clk 01:09:00]} {[%emt 00:02:29]} 14. Nxd5 {[%clk 01:27:27]}
{[%emt 00:00:46]} e5 {[%clk 01:05:52]} {[%emt 00:03:36]} 15. Be3 {[%clk
00:50:04]} {[%emt 00:37:51]} Nxd5 {[%clk 00:49:55]} {[%emt 00:16:28]} 16. Rfd1
{[%clk 00:49:07]} {[%emt 00:01:27]} Nc6 {[%clk 00:42:03]} {[%emt 00:08:22]} 17.
Rxd5 {[%clk 00:42:43]} {[%emt 00:06:54]} Qc7 {[%clk 00:38:50]} {[%emt
00:03:43]} 18. Rc1 {[%clk 00:40:40]} {[%emt 00:02:32]} Rac8 {[%clk 00:36:02]}
{[%emt 00:03:17]} 19. Bf1 {[%clk 00:30:03]} {[%emt 00:11:10]} Kh8 {[%clk
00:19:13]} {[%emt 00:17:17]} 20. Kg2 {[%clk 00:20:57]} {[%emt 00:09:36]} a6
{[%clk 00:14:30]} {[%emt 00:05:13]} 21. h4 {[%clk 00:19:19]} {[%emt 00:02:08]}
f5 {[%clk 00:07:55]} {[%emt 00:07:05]} 22. exf5 {[%clk 00:17:53]} {[%emt
00:01:56]} gxf5 {[%clk 00:07:57]} {[%emt 00:00:28]} 23. Rcd1 {[%clk 00:16:13]}
{[%emt 00:02:10]} e4 {[%clk 00:06:28]} {[%emt 00:02:01]} 24. Qh5 {[%clk
00:15:17]} {[%emt 00:01:23]} Qf7 {[%clk 00:02:55]} {[%emt 00:04:04]} 25. Qxf7
{[%clk 00:15:34]} {[%emt 00:00:13]} Rxf7 {[%clk 00:03:24]} 26. Rd7 {[%clk
00:12:51]} {[%emt 00:03:12]} Rxd7 {[%clk 00:01:07]} {[%emt 00:02:47]} 27. Rxd7
{[%clk 00:13:17]} {[%emt 00:00:04]} b5 {[%clk 00:01:27]} {[%emt 00:00:11]} 28.
b3 {[%clk 00:12:37]} {[%emt 00:01:09]} Kg8 {[%clk 00:00:32]} {[%emt 00:01:25]}
29. h5 {[%clk 00:10:54]} {[%emt 00:02:13]} Ne5 {[%clk 00:00:41]} {[%emt
00:00:22]} 30. Rd2 {[%clk 00:05:40]} {[%emt 00:05:44]} Ng4 {[%clk 00:00:42]}
{[%emt 00:00:28]} 31. Bf4 {[%clk 00:04:31]} {[%emt 00:01:39]} Be5 {[%clk
00:00:32]} {[%emt 00:00:41]} 32. Bxe5 {[%clk 00:02:54]} {[%emt 00:02:07]} Nxe5
{[%clk 00:01:01]} {[%emt 00:00:02]} 33. Rd5 {[%clk 00:02:56]} {[%emt 00:00:27]}
Nf3 {[%clk 00:00:34]} {[%emt 00:00:57]} 34. Rxf5 {[%clk 00:02:10]} {[%emt
00:01:16]} Rc2 {[%clk 00:00:52]} {[%emt 00:00:12]} 35. Rf4 {[%clk 00:01:22]}
{[%emt 00:01:18]} Ne1+ {[%clk 00:00:51]} {[%emt 00:00:31]} 36. Kg1 {[%clk
00:00:41]} {[%emt 00:01:12]} Nf3+ {[%clk 00:01:19]} 37. Kg2 {[%clk 00:01:06]}
{[%emt 00:00:05]} Ne1+ {[%clk 00:01:16]} {[%emt 00:00:33]} 38. Kh3 {[%clk
00:00:44]} {[%emt 00:00:52]} Nf3 {[%clk 00:01:05]} {[%emt 00:00:42]} 39. Kg2
{[%clk 00:00:33]} {[%emt 00:00:41]} 1/2-1/2

[Event "DEM U18 2023"]
[Site "Willingen GER"]
[Date "2023.05.30"]
[Round "4"]
[White "Musiolik, David"]
[Black "Bui, Bao Anh Le"]
[Result "1/2-1/2"]
[Termination "normal"]
[Board "7"]
[WhiteElo "2291"]
[BlackElo "2136"]
[WhiteClock "01:32:30"]
[BlackClock "01:13:17"]
[PlyCount "144"]
[WhiteFideId "12972355"]
[BlackFideId "12970719"]
[EventCountry "GER"]
[EventRounds "9"]
[EventType "swiss"]
[EventDate "2023.05.27"]

1. e4 {[%emt 0:00:05]} c5 {[%emt 0:01:48]} 2. Nf3 {[%emt 0:00:14]} d6 3. d4
cxd4 4. Nxd4 Nf6 5. Nc3 a6 6. g3 e5 7. Nde2 Be7 8. Bg2 O-O 9. O-O b5 10. Nd5
Nxd5 11. Qxd5 Ra7 12. Be3 {[%emt 0:13:18]} Be6 13. Qd2 Rb7 14. Nc3 Nd7 15. Rfd1
Nf6 16. Bg5 b4 17. Bxf6 Bxf6 18. Nd5 Bxd5 19. Qxd5 Rb6 20. Bf1 Qc8 21. Bc4 h5
22. a3 Rc6 23. b3 bxa3 24. Rxa3 Bd8 25. Rd3 a5 26. Rf3 Qc7 27. Ra1 Rc5 28. Qd2
Qe7 29. Rf5 g6 30. Rf3 Kg7 31. Rd3 Bc7 32. Kg2 f5 33. exf5 e4 34. Rd5 Rxd5 35.
Bxd5 Rxf5 36. Re1 Re5 37. Qd4 Bb6 38. Qxb6 Rxd5 39. Qe3 Re5 40. Rd1 Qf6 41. Rd4
Qe6 42. h4 Qe7 43. Rc4 Qb7 44. Kg1 Kh7 45. Qc3 Re7 46. Rc8 Rg7 47. Re8 Qd5 48.
Qe1 Qc6 49. Qxe4 Qxe4 50. Rxe4 Rc7 51. Re2 Kg7 52. Kg2 Rc3 53. f3 Kf6 54. g4 a4
55. bxa4 hxg4 56. fxg4 Rc4 57. Rf2+ Kg7 58. Kg3 Rxa4 59. Rf3 Rc4 60. c3 d5 61.
Rd3 Kf6 62. Kf3 Ke5 63. Kg3 Kf6 64. h5 gxh5 65. gxh5 Rc5 66. Kg4 Rc4+ 67. Kg3
Rc5 68. Kf2 d4 69. cxd4 Rxh5 70. Re3 Rh4 71. Rd3 Ke6 72. Ke3 Kd5 1/2-1/2